Atlas of surgical operations / (Record no. 2678)

000 -LEADER
fixed length control field 01207cam a2200277 4500
003 - CONTROL NUMBER IDENTIFIER
control field OSt
005 - DATE AND TIME OF LATEST TRANSACTION
control field 20220630093959.0
008 - FIXED-LENGTH DATA ELEMENTS--GENERAL INFORMATION
fixed length control field 210716b ||||| |||| 00| 0 eng d
020 ## - INTERNATIONAL STANDARD BOOK NUMBER
International Standard Book Number -
040 ## - CATALOGING SOURCE
Transcribing agency ALUPE UNIVERSITY
050 ## - LIBRARY OF CONGRESS CALL NUMBER
Classification number RD32
Item number .Z65 1961
100 1# - MAIN ENTRY--PERSONAL NAME
Personal name Zollinger, Robert M.,
Dates associated with a name 1903-1992.
Authority record control number or standard number http://id.loc.gov/authorities/names/n50015016
245 10 - TITLE STATEMENT
Title Atlas of surgical operations /
Statement of responsibility, etc. by Robert M. Zollinger & Elliot C. Cutler; illustrations by Carol M. Woike
250 ## - EDITION STATEMENT
Edition statement 3rd ed.
260 ## - PUBLICATION, DISTRIBUTION, ETC.
Place of publication, distribution, etc. New York :
Name of publisher, distributor, etc. Macmillan,
Date of publication, distribution, etc. c1961-67.
300 ## - PHYSICAL DESCRIPTION
Extent 2 v. :
Other physical details ill. ;
Dimensions 38 cm.
500 ## - GENERAL NOTE
General note In the earlier eds. Cutler's name appeared first on the title page.
500 ## - GENERAL NOTE
General note Vol. 2, "designed to complement Zollinger-Cutler's Atlas".
650 #2 - SUBJECT ADDED ENTRY--TOPICAL TERM
Topical term or geographic name entry element Surgical Procedures, Operative.
Authority record control number or standard number https://id.nlm.nih.gov/mesh/D013514
655 #2 - INDEX TERM--GENRE/FORM
Authority record control number or standard number https://id.nlm.nih.gov/mesh/D020466
700 1# - ADDED ENTRY--PERSONAL NAME
Personal name Cutler, Elliott Carr,
Dates associated with a name 1888-1947.
Authority record control number or standard number http://id.loc.gov/authorities/names/n88110709
700 1# - ADDED ENTRY--PERSONAL NAME
Personal name Codding, Mildred B.
Authority record control number or standard number http://id.loc.gov/authorities/names/n82046975
700 1# - ADDED ENTRY--PERSONAL NAME
Personal name Zollinger, Robert Milton,
Titles and other words associated with a name Jr.,
Dates associated with a name 1934-
Authority record control number or standard number http://id.loc.gov/authorities/names/n83009803
700 1# - ADDED ENTRY--PERSONAL NAME
Personal name Woike, Carold M.
942 ## - ADDED ENTRY ELEMENTS (KOHA)
Source of classification or shelving scheme
Koha item type References
Suppress in OPAC JO
Holdings
Withdrawn status Lost status Source of classification or shelving scheme Damaged status Not for loan Permanent Location Current Location Shelving location Date acquired Source of acquisition Total Checkouts Full call number Barcode Date last seen Price effective from Koha item type Public note Copy number
          AU LIBRARY AU LIBRARY Open Shelf 16.07.2021 DONATION FROM MOI UNIVERSITY   REF RD32 .Z65 1961 28003638 16.07.2021 16.07.2021 References JO  
          AU LIBRARY AU LIBRARY Reference 30.06.2022 DONATION FROM MOI UNIVERSITY   REF RD32 .Z65 1967 C2 28008182 30.06.2022 30.06.2022 References AB 2

Powered by Koha